Online
Catalog

La cuadrícula : (Record no. 14208)

MARC details
000 -CABECERA
campo de control de longitud fija 00974cam a2200241 a 4500
001 - NÚMERO DE CONTROL
campo de control 000014624
005 - FECHA Y HORA DE LA ÚLTIMA TRANSACCIÓN
campo de control 20200929163857.0
008 - DATOS DE LONGITUD FIJA--INFORMACIÓN GENERAL
campo de control de longitud fija 020812s2001 mx ab b 001 0 spa d
020 ## - NÚMERO INTERNACIONAL ESTÁNDAR DEL LIBRO
Número Internacional Estándar del Libro 970270104X
040 ## - FUENTE DE LA CATALOGACIÓN
Centro catalogador/agencia de origen DO-SdBNP
Centro/agencia transcriptor IQU
Centro/agencia modificador DLC
-- BNPHU
082 ## - NÚMERO DE LA CLASIFICACIÓN DECIMAL DEWEY
Número de clasificación NNNN
Número de documento/Ítem L925c, 2001
049 ## - FONDOS LOCALES (OCLC)
Fondos de biblioteca BNGR
100 1# - ENTRADA PRINCIPAL--NOMBRE DE PERSONA
Nombre de persona López Moreno, Eduardo
9 (RLIN) 33127
245 13 - MENCIÓN DE TÍTULO
Título La cuadrícula :
Resto del título en el desarrollo de la ciudad hispanoamericana, Guadalajara, México /
Mención de responsabilidad, etc. Eduardo López Moreno.
250 ## - MENCIÓN DE EDICIÓN
Mención de edición 2a ed. corr. y aum.
260 ## - PUBLICACIÓN, DISTRIBUCIÓN, ETC.
Lugar de publicación, distribución, etc. Guadalajara :
Nombre del editor, distribuidor, etc. Universidad de Guadalajara ;
-- Instituto Tecnológico y de Estudios Superiores de Occidente,
Fecha de publicación, distribución, etc. 2001.
300 ## - DESCRIPCIÓN FÍSICA
Extensión 226 p. :
Otras características físicas il., mapas ;
Dimensiones 28 cm.
504 ## - NOTA DE BIBLIOGRAFÍA, ETC.
Nota de bibliografía, etc. Incluye referencias bibliográficas : p. 219-221.
650 #0 - PUNTO DE ACCESO ADICIONAL DE MATERIA--TÉRMINO DE MATERIA
Término de materia o nombre geográfico como elemento de entrada City planning
Subdivisión geográfica México
-- Guadalajara
Subdivisión general History.
9 (RLIN) 33128
650 #0 - PUNTO DE ACCESO ADICIONAL DE MATERIA--TÉRMINO DE MATERIA
Término de materia o nombre geográfico como elemento de entrada Urbanization
Subdivisión geográfica México
-- Guadalajara
Subdivisión general History.
9 (RLIN) 33129
651 #0 - PUNTO DE ACCESO ADICIONAL DE MATERIA--NOMBRE GEOGRÁFICO
Nombre geográfico Guadalajara (México{Rpara}
Subdivisión general History.
9 (RLIN) 33130
910 ## - DATOS DE OPCIÓN DEL USUARIO (OCLC)
Datos de opción del usuario Catalogación derivada
Holdings
Estado de retiro Estado de pérdida Restricciones de uso No para préstamo Código de colección Localización permanente Ubicación/localización actual Ubicación en estantería Fecha de adquisición Número de inventario Total de préstamos Signatura topográfica completa Código de barras Fecha visto por última vez Precio válido a partir de Tipo de ítem Koha
    Préstamo interno   Monografías: Libros y Folletos General General En catalogación 15.01.2010 LF1   NNNN L925c, 2001 14624-10 25.06.2020 25.06.2020 Préstamo interno

Powered by Koha